Generation VI Pokémon (Kalos) - Statistics

General Stats
  • This quiz has been taken 1,396 times
  • The average score is 57 of 70
Answer Stats
Hint Answer % Correct
650 Grass Chespin
97%
658 Water/Dark Greninja
97%
656 Water Froakie
96%
652 Grass/Fighting Chesnaught
94%
655 Fire/Psychic Delphox
94%
653 Fire Fennekin
94%
657 Water Frogadier
93%
663 Fire/Flying Talonflame
92%
654 Fire Braixen
90%
718 Dragon/Ground Zygarde
90%
661 Normal/Flying Fletchling
89%
716 Fairy Xerneas
89%
717 Dark/Flying Yveltal
89%
706 Dragon Goodra
88%
701 Fighting/Flying Hawlucha
88%
651 Grass Quilladin
88%
662 Fire/Flying Fletchinder
87%
659 Normal Bunnelby
86%
660 Normal/Ground Diggersby
86%
668 Fire/Normal Pyroar
86%
704 Dragon Goomy
85%
667 Fire/Normal Litleo
85%
702 Electric/Fairy Dedenne
84%
719 Rock/Fairy Diancie
84%
681 Steel/Ghost Aegislash
83%
674 Fighting Pancham
83%
697 Rock/Dragon Tyrantrum
83%
696 Rock/Dragon Tyrunt
83%
666 Bug/Flying Vivillon
83%
680 Steel/Ghost Doublade
82%
669 Fairy Flabébé
82%
714 Flying/Dragon Noibat
82%
675 Fighting/Dark Pangoro
82%
710 Ghost/Grass Pumpkaboo
82%
705 Dragon Sliggoo
82%
709 Ghost/Grass Trevenant
82%
703 Rock/Fairy Carbink
81%
691 Poison/Dragon Dragalge
81%
671 Fairy Florges
81%
715 Flying/Dragon Noivern
81%
679 Steel/Ghost Honedge
80%
695 Electric/Normal Heliolisk
79%
694 Electric/Normal Helioptile
79%
708 Ghost/Grass Phantump
79%
664 Bug Scatterbug
79%
690 Poison/Water Skrelp
79%
665 Bug Spewpa
79%
700 Fairy Sylveon
79%
699 Rock/Ice Aurorus
78%
713 Ice Avalugg
78%
670 Fairy Floette
78%
711 Ghost/Grass Gourgeist
78%
686 Dark/Psychic Inkay
78%
707 Steel/Fairy Klefki
78%
687 Dark/Psychic Malamar
78%
698 Rock/Ice Amaura
76%
677 Psychic Espurr
75%
678 Psychic Meowstic
75%
685 Fairy Slurpuff
75%
683 Fairy Aromatisse
74%
712 Ice Bergmite
74%
673 Grass Gogoat
74%
682 Fairy Spritzee
74%
684 Fairy Swirlix
73%
689 Rock/Water Barbaracle
72%
672 Grass Skiddo
71%
688 Rock/Water Binacle
70%
693 Water Clawitzer
69%
692 Water Clauncher
67%
676 Normal Furfrou
67%
No matching quizzes found
Score Distribution
Percent of People with Each Score
Percentile by Number Answered
Your Score History
You have not taken this quiz